Storia del Concilio Ecuménico Vaticano / (Record no. 42226)

MARC details
000 -LEADER
campo de control de longitud fija 00503nam a2200157 i 4500
001 - NÚMERO DE CONTROL
campo de control 42226
003 - IDENTIFICADOR DE NÚMERO DE CONTROL
campo de control ES-MaACL
007 - CAMPO FIJO DE DESCRIPCIÓN FÍSICA--INFORMACIÓN GENERAL
campo de control de longitud fija t|
008 - DATOS DE LONGITUD FIJA--INFORMACIÓN GENERAL
campo de control de longitud fija 030313m18731879it ||||1| ita d
100 1# - ENTRADA PRINCIPAL--NOMBRE DE PERSONA
Nombre de persona Cecconi, Eugenio.
9 (RLIN) 37316
245 10 - MENCIÓN DEL TÍTULO
Título Storia del Concilio Ecuménico Vaticano /
Mención de responsabilidad, etc. scrita sui documenti originali da Eugenio Cecconi.
260 ## - PUBLICACIÓN, DISTRIBUCIÓN, ETC.
Lugar de publicación, distribución, etc. Roma :
Nombre del editor, distribuidor, etc. [s.n.,
Fecha de publicación, distribución, etc. 1873-1879] (
Fabricante Paolino Larrarini)
300 ## - DESCRIPCIÓN FÍSICA
Extensión 4 v. ;
Dimensiones 24 cm.
500 ## - NOTA GENERAL
Nota general Parte prima Antecedenti del Concilio.
852 ## - LOCALIZACIÓN
Ubicación ES-MaACL
Número de control de estantería G-10392-5
Holdings
Estatus retirado Estado de pérdida Estado de daño No para préstamo Colección Biblioteca de origen Biblioteca actual Ubicación en estantería Fecha de adquisición Fuente de adquisición Total de préstamos Signatura topográfica completa Código de barras Visto por última vez Precio de reemplazo Tipo de ítem Koha
        Libros del s. XIX Biblioteca del Ateneo de Madrid Biblioteca del Ateneo de Madrid Sala Pecera Planta 3 17/01/2008     G-10392-5 1044441 23/02/2023 23/02/2023 Libro impreso antiguo